000 00764nam a2200289Ia 4500
003 OSt
005 20221006144249.0
006 a|||||r|||| 00| 0
007 ta
008 221006b |||||||| |||| 00| 0 eng d
020 _c285.25
024 _a11,283
037 _cTextual
040 _aEASL
_cEASL
_beng
041 _2eng
_aeng
082 _aV41:1949F.N8, M2
100 _aSAMUELS MArwyn S
_9321166
245 0 _aContest for the South China Sea
260 _aNewYork
_bMethuen
_c1982
300 _a203p.
_ccm.
490 _v CEL
650 _a CEL
650 _a China Ocean policy
_9651300
650 _aPost - war contest
_9651301
942 _hV41:1949F.N8, M2
_cTEXL
_2CC
999 _c1079369
_d1079369